| 000 | 00589nam a2200181 a 4500 | ||
|---|---|---|---|
| 005 | 20210223123324.0 | ||
| 008 | 991125s1985 mx 000 0 spa u | ||
| 020 | _a9681203216 | ||
| 035 | _aUPN01000051448 | ||
| 049 | _aCG | ||
| 050 | 4 |
_aJX361 _bR44 |
|
| 245 | 0 | 4 |
_aLas relaciones de México con los países de América Central / _cMario Ojeda, comp. |
| 260 |
_aMéxico : _bEl Colegio de México, Centro de Estudios Internacionales, _c1985. |
||
| 300 | _a151 p. | ||
| 651 | 4 |
_aMEXICO - _xRELACIONES EXTERIORES - _zAMERICA LATINA |
|
| 700 | 1 |
_aOjeda, Mario, _ecomp. _929769 |
|
| 905 | _aLibro | ||
| 999 |
_c51448 _d51448 |
||